00779nam a2200241 a 4500001001300000003000900013005001700022008004100039020002200080082002000102100002000122245007000142260003600212300000900248500003500257505003700292650002500329700002000354902000800374942000700382952013100389999001700520nice12345678IN_TiNIC20260116014158.0050524s2002 muma grp 000 0 eng  a8172243 c9500a001.422014bMAR aMarshall, Peter aResearch Methodsb How to Design and Conduct a Successful Project aMumbai bJaico Pub.House c2002 a114p aincludes index and biblioraphy2 aGlossary, Index, Further Reading aResearch Methodology1 aMarshall, Peter bSRS cBK 001040708StackRoom-aHMIbHMId2010-09-29g95.00l3o001.422014 MARp020100r2024-10-01s2024-09-27v95.00w2005-05-24yBK c14200d14200